000 00790nam a2200265Ia 4500
003 OSt
005 20220925170020.0
006 a|||||r|||| 00| 0
007 ta
008 220923b |||||||| |||| 00| 0 eng d
020 _a0472085549
037 _cGeneral Book
040 _aRTL
_cRTL
_beng
041 _2eng
_aeng
082 _aW:(B28)b4, N8
100 _aKing Gary
_9235474
245 0 _aUnifying political methodology
_b The likelihood the
260 _aAnn Arbor
_bUniversity of Michigan Press
_c1998
300 _axi, 274p
_ccm.
490 _aTechniques in Political Analysis
500 _aBibliography: P 255-67
650 _aPolitical Science irt Statistics
_9235475
942 _hW:(B28)b4, N8
_cGB
_2CC
999 _c478898
_d478898